Merlin (BBC) Logic Puzzle Quiz Stats

 Plays Quiz not verified by Sporcle

Score 0/25 Timer 10:00
0 Plays Today
% Correct



Aredian
the
Witchfinder


???
100%




Kilgharrah



???
55.4%




Merlin



???
42.9%




Morgause



???
42%




Aithusa



???
37.5%



Grettir, the Keeper of the Bridge


???
34.5%




Gwaine



???
34.1%




Mordred



???
34.1%



The Dolma



???
32.6%




Emrys



???
29.6%




Percival



???
27.9%




Freya



???
26.7%




Morgana



???
25.7%
% Correct




Lancelot



???
23.8%




Uther



???
22.9%




Arthur



???
21.8%




Elyan



???
20.7%




Balinor



???
20.5%



Cornelius Sigan



???
20.4%




Guinevere



???
18.2%



Dragoon the Great



???
17.8%




Gaius



???
17.6%




Nimueh



???
14.3%




Leon



???
11.3%




Agravaine



???
7.3%

You're not logged in!

Compare scores with friends on all Sporcle quizzes.
OR
Log In

Show Comments

Extras

Top Quizzes Today


Score Distribution

Your Account Isn't Verified!

In order to create a playlist on Sporcle, you need to verify the email address you used during registration. Go to your Sporcle Settings to finish the process.

Report this User

Report this user for behavior that violates our Community Guidelines.

Details: